Normal view MARC view
  • HYPERTEXT SYSTEMS MIT PROJECTS ATHENA

Entry Topical Term

Number of records used in: 1

001 - CONTROL NUMBER

  • control field: 76476

003 - CONTROL NUMBER IDENTIFIER

  • control field: NUST

005 - DATE AND TIME OF LATEST TRANSACTION

  • control field: 20210628205645.0

008 - FIXED-LENGTH DATA ELEMENTS

  • fixed length control field: 210628|| aca||aabn | a|a d

040 ## - CATALOGING SOURCE

  • Original cataloging agency: NUST
  • Transcribing agency: NUST

150 ## - HEADING--TOPICAL TERM

  • Topical term or geographic name entry element: HYPERTEXT SYSTEMS MIT PROJECTS ATHENA

670 ## - SOURCE DATA FOUND

  • Source citation: Work cat.: (NUST): Hodges, Matthew.E Sasnett, Russell.M 76475, Multimedia computing case studies from mit project athena, 1993
© 2023 Central Library, National University of Sciences and Technology. All Rights Reserved.